Die 10 wirtschaftlich stärksten Länder Amerikas - Statistiken

Allgemein
  • Dieses Quiz wurde 13.158 mal gespielt
  • Das Durchschnittsergebnis liegt bei 9 aus 10
Antwortstatistiken
BIP Land % Korrekt
23,7 Bio Vereinigte Staaten
100%
2,09 Bio Kanada
99%
2,70 Bio Mexiko
98%
3,44 Bio Brasilien
97%
1,12 Bio Argentinien
95%
531 Mrd Chile
92%
880 Mrd Kolumbien
89%
506 Mrd Peru
87%
213 Mrd Ecuador
71%
238 Mrd Dominikanische Republik
44%
Keine übereinstimmenden Quizze gefunden
Verteilung der Resultate
Anzahl Personen mit jedem Resultat
Perzentil nach korrekt beantworteten Fragen
Ihre Resultats-Entwicklung
Sie haben dieses Quiz noch nicht gespielt